00410 2200169 4500001002100000005001500021008004100036035001900077041000700096082000800103090001400111100001200125245002600137260003900163300002100202650001700223INLIS00000000001904320241224115625241224||||||||| | ||| |||| || |  0010-1224019043 aid0 a813 a813 YUL d0 aYuliani00aDISANALAH AKU BERDIRI aJakartabPustaka Abdi Bangsac2006 a102hlm'14,5x21cm 0acerita fiksi